Văn phạm tiếng Pháp qua các tình huống
Các bài luyện tập văn phạm qua ngữ pháp tiếng Pháp; Các thể - thì trong động từ tiếng Pháp.
Đã lưu trong:
| Tác giả chính: | |
|---|---|
| Định dạng: | Sách |
| Ngôn ngữ: | Undetermined |
| Được phát hành: |
Thành phố Hồ Chí Minh
Thanh niên
2000
|
| Những chủ đề: | |
| Các nhãn: |
Thêm thẻ
Không có thẻ, Là người đầu tiên thẻ bản ghi này!
|
| Thư viện lưu trữ: | Trung tâm Học liệu Trường Đại học Cần Thơ |
|---|
| LEADER | 00760nam a2200205Ia 4500 | ||
|---|---|---|---|
| 001 | CTU_39439 | ||
| 008 | 210402s9999 xx 000 0 und d | ||
| 020 | |c 25000 | ||
| 082 | |a 445 | ||
| 082 | |b J91 | ||
| 100 | |a Jubb, Margaret | ||
| 245 | 0 | |a Văn phạm tiếng Pháp qua các tình huống | |
| 245 | 0 | |c Margaret Jubb ; Nguyễn Hoàng Vĩnh Lộc dịch giả | |
| 260 | |a Thành phố Hồ Chí Minh | ||
| 260 | |b Thanh niên | ||
| 260 | |c 2000 | ||
| 520 | |a Các bài luyện tập văn phạm qua ngữ pháp tiếng Pháp; Các thể - thì trong động từ tiếng Pháp. | ||
| 650 | |a French language,French language | ||
| 650 | |x Grammar | ||
| 980 | |a Trung tâm Học liệu Trường Đại học Cần Thơ | ||